Der außergerichtliche Tatausgleich als neue Reaktionsform des Strafrechts

Saved in:  
Bibliographic Details
Main Author: Jesionek, Udo 1937- (Author)
Format: Print Article
Language:German
Published: 1991
In: Bezauer Tage - Strafrecht
Year: 1991, Pages: 41-63
Check availability: HBZ Gateway
Keywords:

MARC

LEADER 00000caa a22000002c 4500
001 1526077345
003 DE-627
005 20220604105257.0
007 tu
008 160223s1991 xx ||||| 00| ||ger c
035 |a (DE-627)1526077345 
035 |a (DE-576)456077340 
035 |a (DE-599)BSZ456077340 
040 |a DE-627  |b ger  |c DE-627  |e rakwb 
041 |a ger 
100 1 |a Jesionek, Udo  |d 1937-  |0 (DE-588)124537472  |0 (DE-627)363405747  |0 (DE-576)161589146  |4 aut 
109 |a Jesionek, Udo 1937- 
245 1 4 |a Der außergerichtliche Tatausgleich als neue Reaktionsform des Strafrechts  |c Udo Jesionek 
264 1 |c 1991 
336 |a Text  |b txt  |2 rdacontent 
337 |a ohne Hilfsmittel zu benutzen  |b n  |2 rdamedia 
338 |a Band  |b nc  |2 rdacarrier 
773 0 8 |i In  |t Bezauer Tage - Strafrecht  |d Wien : Bundesministerium für Justiz, 1991  |g (1991), Seite 41-63  |h 121 S.  |w (DE-627)1098997433  |w (DE-576)028997433  |7 nnam 
773 1 8 |g year:1991  |g pages:41-63 
935 |a mkri 
951 |a AR 
ELC |b 1 
LOK |0 000 xxxxxcx a22 zn 4500 
LOK |0 001 2899584847 
LOK |0 003 DE-627 
LOK |0 004 1526077345 
LOK |0 005 20260114133940 
LOK |0 008 160208||||||||||||||||ger||||||| 
LOK |0 040   |a DE-21-110  |c DE-627  |d DE-21-110 
LOK |0 689   |a g  |a Österreich 
LOK |0 689   |a s  |a Außergerichtlicher Tatausgleich 
LOK |0 689   |a s  |a Jugendgerichtsgesetz 
LOK |0 852   |a DE-21-110 
LOK |0 852 1  |m p  |9 00 
LOK |0 935   |a k110 
LOK |0 938   |k p 
LOK |0 939   |a 08-02-16  |b l01 
ORI |a SA-MARC-krimdoka001.raw